000 00528nam a2200181Ia 4500
005 20260429112028.0
008 260429s9999||||xx |||||||||||||| ||und||
020 _a9783031178665
041 _aEnglish
082 _a550
_bCLA
100 _aClauser, Christoph
245 0 _aIntroduction to geophysics :
_bglobal physical fields and processes in the earth /
_cChristoph Clauser
260 _aSwitzerland :
_bSpringer,
_c2024.
300 _axii, 397 p.; hb
650 _a Geophysics
650 _aEarth science
942 _cTB
999 _c51971
_d51971